000 00306nam a2200133Ia 4500
005 20251222155116.0
008 251222s9999||||xx |||||||||||||| ||spa||
082 _aREL.138.1-2/Ej.2
100 _aCOTTIER M.
245 0 _aFides Et Ratio 2 Vol.
250 _a1ra. ed.
264 _bSalesiana
942 _cLIB
999 _c38232
_d38232